000
00235nam a2200097Ia 4500
001
1135201
005
20250827005143.0
008
250824s9999 xx 000 0 und d
245
0
_a
DEVLET ANA
_c
KEMAL TAHİR
260
_b
KETEBE YAYINLARI
999
_c
1135201
_d
1135201